000 00418nam a2200181Ia 4500
005 20240823030716.0
008 240823s9999||||xx |||||||||||||| ||und||
041 _aENGLISH
082 _A628.5 Q0
100 _aRaman B S
245 0 _aEnvironmental Studies
250 _a1st
260 _c2010
_bUnited Publi
500 _aYES
650 _aEnvironmental Chemistry
_bMechanical
942 _cBK
999 _c189342
_d189342